| 000 | 00369 a2200097 4500 | ||
|---|---|---|---|
| 082 | _a363.125 MAC | ||
| 100 | _aMacdonald, Douglas | ||
| 245 |
_aHalving Roadway Fatalities : A Case Study from Victoria, Australia / _cDouglas Macdonald |
||
| 260 |
_aWashington : _bU. S. Department of Transportation Federal Highway Administration, _c2004 |
||
| 300 |
_a20p. : _bill. ; _c30 cm |
||
| 650 | _aRoadway Fatalities | ||
| 999 |
_c2219 _d2219 |
||